000
00286nam a2200109Ia 4500
008
160531s9999 xx 000 0 und d
100
_a
Tal, Haim.
245
_a
Bone Regeneration
245
_c
by Haim Tal
260
_c
2012
856
_u
http://www.intechopen.com/books/bone-regeneration
999
_c
295476
_d
295476